ბათუმის შოთა რუსთაველის სახელმწიფო უნივერსიტეტის ბიბლიოთეკა

Спортивная медицина : (ბიბ.ჩანაწერი № 53766)

000 -LEADER
fixed length control field 01155nam a2200289Ia 4500
001 - CONTROL NUMBER
control field 20815
003 - CONTROL NUMBER IDENTIFIER
control field GE_BSU
005 - DATE AND TIME OF LATEST TRANSACTION
control field 20210419134436.0
008 - FIXED-LENGTH DATA ELEMENTS--GENERAL INFORMATION
fixed length control field 181216s ||||ru |||||||||||||| ||rus||
020 ## - INTERNATIONAL STANDARD BOOK NUMBER
International Standard Book Number 9785970424605
040 ## - CATALOGING SOURCE
Transcribing agency GE_BSU
041 ## - LANGUAGE CODE
Language code of text/sound track or separate title rus
080 ## - UNIVERSAL DECIMAL CLASSIFICATION NUMBER
Universal Decimal Classification number 61:796 С-73
245 ## - TITLE STATEMENT
Title Спортивная медицина :
Remainder of title Национальное руководство /
Statement of responsibility, etc. Под ред. : акад.Ран и Рамн С.П. Миронов , Б.А. Поляев, Г.А. Макарова.
264 ## - PRODUCTION, PUBLICATION, DISTRIBUTION, MANUFACTURE, AND COPYRIGHT NOTICE
Place of production, publication, distribution, manufacture Москва :
Name of producer, publisher, distributor, manufacturer Гэотар-Медиа,
Date of production, publication, distribution, manufacture, or copyright notice 2013.
300 ## - PHYSICAL DESCRIPTION
Extent 1182 стр. :
Other physical details +1CD
Dimensions 25 см.
440 ## - SERIES STATEMENT/ADDED ENTRY--TITLE
Title Ассоциация медицинских обществ по качеству
9 (RLIN) 11435
653 ## - INDEX TERM--UNCONTROLLED
keyword Спортивная медицина
653 ## - INDEX TERM--UNCONTROLLED
keyword მედიცინა
653 ## - INDEX TERM--UNCONTROLLED
keyword სპორტი
653 ## - INDEX TERM--UNCONTROLLED
keyword სპორტული მედიცინა
700 ## - ADDED ENTRY--PERSONAL NAME
Personal name Миронов, С. П.
Relator term Редактор
9 (RLIN) 11436
700 ## - ADDED ENTRY--PERSONAL NAME
Personal name Поляев, В. А.
Relator term Редактор
9 (RLIN) 11437
700 ## - ADDED ENTRY--PERSONAL NAME
Personal name Макарова, Г. А.
Relator term Редактор
9 (RLIN) 11438
942 ## - ADDED ENTRY ELEMENTS (KOHA)
Koha item type წიგნი
Source of classification or shelving scheme
ეგზემპლარები
Withdrawn status Lost status Source of classification or shelving scheme Damaged status Not for loan Permanent Location Current Location Shelving location Date acquired Cost, normal purchase price Full call number Barcode Date last seen Copy number Price effective from Koha item type Public note
          ბათუმის შოთა რუსთაველის სახელმწიფო უნივერსიტეტის მთავარი ბიბლიოთეკა ბათუმის შოთა რუსთაველის სახელმწიფო უნივერსიტეტის მთავარი ბიბლიოთეკა წიგნსაცავი 2018-12-17 174.00 61:796 С-73 54205 2018-12-17 54205 2018-12-17 წიგნი 174.00 GEL.
          ბათუმის შოთა რუსთაველის სახელმწიფო უნივერსიტეტის მთავარი ბიბლიოთეკა ბათუმის შოთა რუსთაველის სახელმწიფო უნივერსიტეტის მთავარი ბიბლიოთეკა წიგნსაცავი 2018-12-17 174.00 61:796 С-73 54206 2018-12-17 54206 2018-12-17 წიგნი 174.00 GEL.
          ბათუმის შოთა რუსთაველის სახელმწიფო უნივერსიტეტის მთავარი ბიბლიოთეკა ბათუმის შოთა რუსთაველის სახელმწიფო უნივერსიტეტის მთავარი ბიბლიოთეკა წიგნსაცავი 2018-12-17 174.00 61:796 С-73 54207 2018-12-17 54207 2018-12-17 წიგნი 174.00 GEL.
          ბათუმის შოთა რუსთაველის სახელმწიფო უნივერსიტეტის მთავარი ბიბლიოთეკა ბათუმის შოთა რუსთაველის სახელმწიფო უნივერსიტეტის მთავარი ბიბლიოთეკა წიგნსაცავი 2018-12-17 174.00 61:796 С-73 54208 2018-12-17 54208 2018-12-17 წიგნი 174.00 GEL.
          ბათუმის შოთა რუსთაველის სახელმწიფო უნივერსიტეტის მთავარი ბიბლიოთეკა ბათუმის შოთა რუსთაველის სახელმწიფო უნივერსიტეტის მთავარი ბიბლიოთეკა წიგნსაცავი 2018-12-17 174.00 61:796 С-73 54209 2018-12-17 54209 2018-12-17 წიგნი 174.00 GEL.